| 000 | 00907nam a22002537a 4500 | ||
|---|---|---|---|
| 003 | DO-SdBNP | ||
| 005 | 20220720092439.0 | ||
| 007 | ta | ||
| 008 | 110301s20162019dr ac 000 0 spa d | ||
| 020 | _a9789945805529 | ||
| 040 |
_aDO-SdBNP _bspa _cBNPHU |
||
| 082 | 4 |
_axxxx _bR873p |
|
| 100 | 1 |
_aRovellat Ureña, Mayda alejandra _953018 |
|
| 245 | 1 | 3 |
_aLa personalidad, jurídica de la tierra / _cMayda Alejandra Rovellat Ureña |
| 246 | 1 | 3 |
_aLa personalidad jurìdica de la tierra : _bprotección a la vida, movimiento naturista / |
| 260 |
_aSanto Domingo : _bMegraf, _c2019. |
||
| 300 |
_a47 [10] p. : _bil., retrs. _c21 cm. |
||
| 500 | _aIncluye datos biográficos del autor en la solapa de la portada. | ||
| 504 | _aBibliografía p: 4-10 | ||
| 590 | _aInventariado, 2022/ YL | ||
| 590 | _aLa biblioteca posee un (1) ejemplar autografiado por la autora | ||
| 910 | _aYLockward | ||
| 942 |
_2ddc _cLF2 |
||
| 999 |
_c52197 _d52197 |
||